Central Library OPAC University of Rajshahi

Biofertilizers : (Record no. 37673)

MARC details
000 -LEADER
fixed length control field 01261nam a2200313 a 4500
001 - CONTROL NUMBER
control field 37673
003 - CONTROL NUMBER IDENTIFIER
rucl marc code BD-RjUL
005 - DATE AND TIME OF LATEST TRANSACTION
control field 20211209052632.0
008 - FIXED-LENGTH DATA ELEMENTS--GENERAL INFORMATION
fixed length control field 150206s1988 ii a b 101 0 eng
020 ## - INTERNATIONAL STANDARD BOOK NUMBER
International Standard Book Number 8185109869 :
035 ## - SYSTEM CONTROL NUMBER
System control number (BD-RjUL)
040 ## - CATALOGING SOURCE
Original cataloging agency DLC
Transcribing agency DLC
Modifying agency DLC
Language of cataloging eng
041 ## - LANGUAGE CODE
Language code of text/sound track or separate title eng
082 00 - DEWEY DECIMAL CLASSIFICATION NUMBER
Classification number 631.86
Edition number 20
Author mark and year BIO 1988
245 00 - TITLE STATEMENT
Title Biofertilizers :
Remainder of title potentialities and problems /
Statement of responsibility, etc. edited by S.P. Sen & P. Palit.
260 ## - PUBLICATION, DISTRIBUTION, ETC. (IMPRINT)
Place of publication, distribution, etc. Calcutta :
Name of publisher, distributor, etc. Plant Physiology Forum :
-- Naya Prokash,
Date of publication, distribution, etc. 1988.
300 ## - PHYSICAL DESCRIPTION
Pagination 263 p. :
Illustrations ill. ;
Size 23 cm.
500 ## - GENERAL NOTE
General note Papers of the National Symposium on Biofertilizers: Potentialities and Problems, held at the Bidhan Chandra Krishi Viswavidyalaya, 1986; organized by the Plant Physiology Forum, Calcutta.
504 ## - BIBLIOGRAPHY, ETC. NOTE
Bibliography, etc Includes bibliographies and index.
650 #0 - SUBJECT ADDED ENTRY--TOPICAL TERM
Topical term or geographic name as entry element Biofertilizers
Geographic subdivision Congresses.
9 (RLIN) 115830
Topical term or geographic name as entry element Biofertilizers
Geographic subdivision India
General subdivision Congresses.
9 (RLIN) 115831
700 1# - ADDED ENTRY--PERSONAL NAME
Personal name Sen, S. P.
Personal name Palit, P.
710 2# - ADDED ENTRY--CORPORATE NAME
Corporate name or jurisdiction name as entry element Plant Physiology Forum (Calcutta, India)
9 (RLIN) 115834
711 2# - ADDED ENTRY--MEETING NAME
Meeting name or jurisdiction name as entry element National Symposium on Biofertilizers: Potentialities and Problems
Date of meeting (1986 :
Location of meeting Bidhan Chandra Krishi Viswavidyalaya)
9 (RLIN) 115835
942 ## - ADDED ENTRY ELEMENTS (KOHA)
Source of classification or shelving scheme Dewey Decimal Classification
Koha item type Books
Holdings
Lost status Source of classification or shelving scheme Damaged status Not for loan Permanent Location Current Location Shelving location Date acquired Total Checkouts Full call number Date last seen Copy number Koha item type
  Dewey Decimal Classification   Not For Loan Institute of Biological Sciences (IBSc) Library Institute of Biological Sciences (IBSc) Library   06/02/2015   631.86 BIO 1988 06/02/2015 C-1 Books